Normal view
MARC view
- Confederación Nacional Campesina (México)
Entry Nombre Corporativo
001 - NÚMERO DE CONTROL
- campo de control: 10197
003 - IDENTIFICADOR DE NUMERO DE CONTROL
- campo de control: UPN
005 - FECHA Y HORA DE LA ÜLTIMA TRANSACCIÓN
- campo de control: 20220725110634.0
008 - DATOS DE LONGITUD FIJA
- campo de control de longitud fija: nabaccnnaabn|||||||||| b |nc|||||d
035 ## - NÚMERO DE CONTROL
- Número de control: UPN10000010204
040 ## - FUENTE DE CATALOGACIÓN
- Lenguaje de catalogación: spa
- Agencia transcribe: MX-MxUPN
- Agencia original de catalogación: MX-MxUPN
110 2# - ENCABEZAMIENTO - NOMBRE CORPORATIVO
- Nombre corporativo o de jurisdicción como elemento de entrada : Confederación Nacional Campesina (México)
- Subdivisión temática general: Historia
670 ## - FUENTE EN LA QUE SE LOCALIZARON DATOS
- Cita de la fuente : E/P
902 ## - CATALOGADOR
- Catalogador: LG/220597
